| 000 | 02122cam a22003011i 4500 | ||
|---|---|---|---|
| 003 | SA-RiAUC | ||
| 005 | 20250203073807.0 | ||
| 008 | 250122s2008____ua a g 00010 ara c | ||
| 020 | _a977102339X | ||
| 040 |
_aSA-RiAUC _bara _cSA-RiAUC _dKAC _erda |
||
| 082 | 0 | 4 |
_a215.1 _qSA-RiAUC |
| 090 |
_a215.1 _bش ر ق |
||
| 100 | 1 |
_aالشرقاوي، محمد عبد الحميد _eمؤلف. |
|
| 245 | 1 | 2 |
_aالكعبة المشرفة والحجر الأسود : _bرؤية علمية / _cمحمد عبد الحميد الشرقاوي، محمد رجائي جودة الطحلاوي. |
| 250 | _aالطبعة الأولى. | ||
| 264 | 1 |
_aالقاهرة : _bدار الفكر العربي، _c2007 |
|
| 300 |
_a184 صفحة : _bإيضاحيات ؛ _c24 سم |
||
| 336 |
_aنص _btxt _2rdacontent _3كتاب |
||
| 337 |
_aبدون وسيط _bn _2rdamedia |
||
| 338 |
_aمجلد _bnc _2rdacarrier |
||
| 504 | _aببليوجرافية : صفحة 171-184. | ||
| 520 | _aيقدم الكتاب رؤية علمية شاملة حول الكعبة المشرفة والحجر الأسود. الكتاب يستعرض الجوانب التاريخية والدينية والمعمارية للكعبة، بالإضافة إلى الأبحاث العلمية التي تناولت الحجر الأسود. يتناول الكتاب : التاريخ : يقدم نبذة تاريخية عن الكعبة المشرفة والحجر الأسود، بما في ذلك الأحداث التاريخية المرتبطة بهما. الدين : يستعرض الأحاديث النبوية والآيات القرآنية التي تبرز مكانة الكعبة والحجر الأسود في الإسلام. العلم : يقدم تحليلات علمية حول الحجر الأسود، بما في ذلك الدراسات التي أجريت عليه لفهم تركيبته وخصائصه الفريدة. | ||
| 650 | 7 |
_aالحجر الأسعد _2aucsh |
|
| 650 | 7 |
_aالكعبة _2aucsh |
|
| 700 | 1 |
_aالطحلاوي، محمد رجائي، _d1936- _eمؤلف. |
|
| 942 |
_2ddc _cBOOK _n0 |
||
| 949 |
_aSA-JeALM _d250122 _umohamedma123 _n1 |
||
| 999 |
_c5525 _d5525 |
||